000 00986cam a22002774a 4500
005 20131003045640.0
008 001122s2001 au a b 000 0 eng
020 _a3211835938
041 0 _aeng
080 _a004
245 0 0 _aSymbolic algebraic methods and verification methods
_cGöetz Alefeld ... [et al.] (eds.).
260 _aWien ;
_aNew York :
_bSpringer,
_cc2001.
300 _aix, 266 p. :
_bill. ;
_c25 cm.
490 1 _aSpringerMathematics
504 _aIncludes bibliographical references.
650 0 _aShkenca e infromacionit
650 0 _aKompjuterat
650 0 _aAritmetika
650 0 _aFloating-point arithmetic.
650 0 _aNumerical calculations
_xVerification.
700 1 _aAlefeld, Gotz,
_d1941-
830 0 _aSpringer mathematics
856 4 2 _3Publisher description
_uhttp://www.loc.gov/catdir/enhancements/fy0816/00067105-d.html
856 4 1 _3Table of contents only
_uhttp://www.loc.gov/catdir/enhancements/fy0816/00067105-t.html
942 _2udc
_cBK
999 _c19
_d19